Dějiny Ruska. /
Uložené v:
| Hlavný autor: | |
|---|---|
| Médium: | Kniha |
| Jazyk: | Czech |
| Vydané: |
Praha :
NLN, s.r.o. - Nakladatelství Lidové noviny,
1995
|
| Vydanie: | 1. vyd. |
| Edícia: | Dějiny států
|
| Témy: | |
| ISBN: |
8071062162 (viaz.) |
| Fyzický popis: |
558 s. |
| Tagy: |
Pridať tag
Žiadne tagy, Buďte prvý kto otaguje tento záznam!
|
Titul je dostupný aj v ... 

MARC
| LEADER | 00000nam a2200000 a 4500 | ||
|---|---|---|---|
| 001 | 000038310 | ||
| 003 | SVKK | ||
| 005 | 19990617000000.0 | ||
| 008 | 970506s1995 cs e czeo | ||
| 020 | |a 8071062162 (viaz.) | ||
| 040 | |a SVKKK |b slo |c SVKKK |e AACR2 | ||
| 041 | 0 | |a cze | |
| 044 | |a cs |c CS | ||
| 080 | |a 947 |2 1997 | ||
| 100 | 1 | |a Švankmajer, Milan |4 aut | |
| 245 | 1 | 0 | |a Dějiny Ruska. / |c Milan Švankmajer...[et al.] |
| 250 | |a 1. vyd. | ||
| 260 | |a Praha : |b NLN, s.r.o. - Nakladatelství Lidové noviny, |c 1995 | ||
| 300 | |a 558 s. | ||
| 440 | 0 | |a Dějiny států | |
| 653 | 0 | |a Rusko |2 SVKKKPH | |
| 653 | 0 | |a dejiny |2 SVKKKPH | |
| 655 | 7 | |a monografie |2 SVKKKPH | |
| 910 | |a svkkk | ||
| 919 | |a 80-7106-216-2 | ||
| 974 | |a MI |d 19970602 | ||
| 974 | |a KL |d 19970801 | ||
| 974 | |a MI |d 19990617 | ||
| 998 | |a BK | ||
| 090 | |g SCKHL |k Sklad Pribinova prízemie |a IV.175281 |j 906960 |i 2720049591 |s Absenčne | ||
| 090 | |g SCKHL |k Sklad Pribinova prízemie |a IV.175282 |j 906961 |i 2720066623 |s Absenčne | ||